00770nam a2200217 a 450000100100000000500170001000800410002702000150006804000250008308200160010811000440012424500320016826001640020030000290036449000360039365000200042965000250044965000250047465000140049983000390051300002080020250701104719.0100817s1998 xxub 000 0 spa d a9275315698 aDO-SdBNPbspacBPJMB a614.7bO68s1 aOrganización Panamericana de la Salud13aLa salud en las américas. aWashington, D. C. :bOrganización Panamericana de la Salud, Oficina Sanitaria Panamericana, Oficina Regional de la Organización Mundial de la Salud,c1998. av. 1 :btablas ;c27 cm.1 aPublicación científicav569 0aSalud pública 0aPolítica sanitaria 4aIndicadores de salud 4aAmérica 4aPublicación científica ;v569.